000 00765nam a2200205Ia 4500
003 GCL
008 140319s9999 xx 000 0 ara d
040 _aGCL /
_cGCL
082 0 4 _a243
_bم ا
100 1 _aالمعبرى المليبارى : زين الدين بن على
245 1 0 _aالاستعداد للموت وسؤال للقبر :
_bوتزودو فان خير الزاد التقوى /
_cالمعبرى المليبارى : زين الدين بن على
260 _aالقاهرة :
_bمكتبة التراث الاسلامى ،
_c1987
300 _a96 ؛
_c24 سم
650 0 4 _aالمقابر
650 0 4 _aالموت
650 0 4 _aيوم القيامة
650 0 4 _aالسمعيات
650 0 4 _aالجنة والنار
942 _2ddc
_cBK
999 _c32517
_d32517